All Big Brother Franchise Contestants A-Z - Statistics

General Stats
  • This quiz has been taken 146 times
    90 since last reset
  • The average score is 342 of 525
Answer Stats
Letter Contestant % Correct
A Aaryn Gries
88%
A Alex Coladonato
88%
A Alex Ow
88%
A Alex Willett
88%
A Andy Herren
88%
B Brett Robinson
88%
C Cam Sullivan-Brown
88%
C Chris 'Swaggy C' Williams
88%
C Chris Wyllie
88%
D David Alexander
88%
D David Girton
88%
D David Lane
88%
F Frank Eudy
88%
I Ian Terry
88%
V Victor Arroyo
88%
A Alejandra 'Ali' Martinez
82%
A Amanda Craig
82%
A Amanda Hansen
82%
A Amanda Zuckerman
82%
A Angela Murray
82%
A Angela Rummans
82%
C Cameron Hardin
82%
C Cameron Heard
82%
C Christie Murphy
82%
C Claire Rehfuss
82%
D Dan Gheesling
82%
D Dan Szabo
82%
D Derek Frazier
82%
D Derek Kesseler
82%
D Derek Xiao
82%
D Derrick Levasseur
82%
D Dick Donato
82%
J Jack Matthews
82%
J Jack Owens
82%
J James Huling
82%
J James Rhine
82%
J James Zinkand
82%
J Joe Arvin
82%
J Joe Barber
82%
J John Luke Kieper
82%
J John McGuire
82%
J John Michael Sosa
82%
J Josh Farnworth
82%
J Josh Feinberg
82%
J Josh Martinez
82%
J Josh Nash
82%
J Josh Souza
82%
M Maggie Ausburn
82%
M Mark Chrysler
82%
M Mark Drelich
82%
M Mark Jansen
82%
M Michael 'Cowboy' Ellis
82%
M Mike 'Boogie' Malin
82%
M Mike Dutz
82%
M Mike Lubinski
82%
P Paul Abrahamian
82%
P Paul Jackson
82%
S Sam Bledsoe
82%
S Sam Smith
82%
S Sarah Beth Steagall
82%
S Sarah Hanlon
82%
S Sarah Hrejsa
82%
S Sarah Miller
82%
S Shelly Moore
82%
V Victoria Rafaeli
82%
V Victoria Woghiren
82%
W Wil Heuser
82%
Z Zach Neilson
82%
Z Zach Oleynik
82%
Z Zach Rance
82%
Z Zach Swerdzewski
82%
A Adam Jasinski
76%
A Adam Pike
76%
A Adam Poch
76%
A Alison Irwin
76%
A Alyssa Lopez
76%
A Alyssa Snider
76%
A Andrew Gordon
76%
A Andrew Miller
76%
A Andrew Monaghan
76%
A April Dowling
76%
A April Lewis
76%
A Azah Awasum
76%
B Beau Beasley
76%
B Blue Kim
76%
B Brendon Villegas
76%
B Britney Haynes
76%
B Brittany Hoopes
76%
B Brittany Martinez
76%
B Brittany Petros
76%
C Candice Stewart
76%
C Cassandra Shahinfar
76%
C Cassandra Waldon
76%
C Cody Calafiore
76%
C Cody Nickson
76%
D Daniel Clarke
76%
D Daniel Durston
76%
D Danielle Alexander
76%
D Danielle Lickey
76%
D Danielle Murphree
76%
D Danielle Reyes
76%
D Dre Gwenaelle
76%
D Drew Daniel
76%
E Eddie Lin
76%
E Eddie McGee
76%
J Jackson Michie
76%
J Janelle Pierzina
76%
J Jason Dent
76%
J Jason Guy
76%
J Jason Roy
76%
J Jean Jordan
76%
J Jerry MacDonald
76%
J Jess Gowling
76%
J Jordan Lloyd
76%
J Jordan Parhar
76%
K Kevin Campbell
76%
K Kevin Jacobs
76%
K Kevin Martin
76%
K Kevin Schlehuber
76%
L Lisa Donohue
76%
L Lisa Weintraub
76%
M Matt Clines
76%
M Matt Hardeman
76%
M Matt Hoffman
76%
M Matt Klotz
76%
M Matt McDonald
76%
M Memphis Garrett
76%
M Michael Bruner
76%
M Michael Donnellan
76%
M Michael Stubley
76%
N Nick Maccarone
76%
N Nick Paquette
76%
N Nick Starcevic
76%
N Nick Uhas
76%
N Nicole Anthony
76%
N Nicole Franzel
76%
N Nicole Layog
76%
N Nicole Schaffrich
76%
N Nico Vera
76%
P Phil Paquette
76%
Q Quinn Martin
76%
R Rachel Plencner
76%
R Rachel Reilly
76%
R Rachel Swindler
76%
S Samantha Picco
76%
T Taylor Hale
76%
T Tyler Crispen
76%
T Ty McDonald
76%
W William 'Will' Kenny
76%
W Will Kirby
76%
W Will Wikle
76%
X Xavier Prather
76%
A Adria Klein
71%
A Amber Borzotra
71%
A Amber Siyavus
71%
A America Lopez
71%
A Amy Crews
71%
A Angie Swindell
71%
A Angie Tackie
71%
A Ashley Iocco
71%
A Austin Dookwah
71%
A Austin Matelson
71%
B Bayleigh Dayton
71%
B Bayleigh Pelham
71%
B Bowie Jane Ball
71%
B Brent Champagne
71%
B Brooklyn Rivera
71%
B Bryan Ollie
71%
C Cassi Colvin
71%
C Chima Simone
71%
C Christine Brecht
71%
C Christine Kelsey
71%
C Christmas Abbott
71%
C Cirie Fields
71%
C Cliff Hogg III
71%
D Da'Vonne Rogers
71%
D Devin Shepherd
71%
E Enzo Palumbo
71%
E Eric Littmann
71%
E Eric Ouellette
71%
E Eric Stein
71%
E Erika Landin
71%
F Faysal 'Fessy' Shafaat
71%
F Felicia Cannon
71%
F Frankie Grande
71%
G Gerry Lancaster
71%
G GinaMarie Zimmerman
71%
H Hannah Chaddha
71%
H Hardy Ames-Hill
71%
H Hayden Moss
71%
H Hayden Voss
71%
H Helen Kim
71%
H Holly Allen
71%
H Holly King
71%
H Howie Gordon
71%
I Ivette Corredero
71%
J Jace Agolli
71%
J Jackie Ibarra
71%
J Jackie McCurrach
71%
J Jag Bains
71%
J Jamie Kern
71%
J Jase Wirey
71%
J JC Mounduix
71%
J Jeff Schroeder
71%
J Jeff Weldon
71%
J Jessica Graf
71%
J Jessica Hughbanks
71%
J Jessica Milagros
71%
J Jessie Godderz
71%
J Jessie Kowalski
71%
J Jillian MacLaughlin
71%
J Jillian Parker
71%
J Julia Nolan
71%
J Jun Song
71%
K Kalia Booker
71%
K Kat Yee
71%
K Kaycee Clark
71%
K Kaysar Ridha
71%
K Keesha Smith
71%
K Kimo Apaka
71%
K Kristen Bitting
71%
L Lane Elenburg
71%
L Leah Peters
71%
L Liz Nolan
71%
M Marcellas Reynolds
71%
M Meg Maley
71%
M Michelle Costa
71%
M Michelle Maradie
71%
M Michelle Meyer
71%
N Natalie Carroll
71%
N Natalie Cunial
71%
N Natalie Martinez
71%
N Natalie Negrotti
71%
P Paloma Aguilar
71%
P Paola Shea
71%
P Paulie Calafiore
71%
R Red Utley
71%
R Rubina Bernabe
71%
R Ryan Ballantine
71%
R Ryan Quicksall
71%
S Scott Dennis
71%
S Scott Long
71%
S Scott Weintraub
71%
S Sheila Kennedy
71%
S Spencer Clawson
71%
S Steve Arienta
71%
S Steve Moses
71%
T Tiffany Mitchell
71%
T Tiffany Rousso
71%
T Tim Dormer
71%
T Tommy Bracco
71%
T Tom Plant
71%
T Tucker Des Lauriers
71%
V Vanessa Clements
71%
V Vanessa MacTavish
71%
V Vanessa Rousso
71%
W William Collins
71%
W William Laprise Desbiens
71%
A Ameerah Jones
65%
A Annie Whittington
65%
A Anthony Douglas
65%
A Ashlea Evans
65%
A Audrey Middleton
65%
B Becky Burgess
65%
B Brian Hart
65%
B Bridgette Dunning
65%
B Bruno Ielo
65%
B Bunky Miller
65%
C Caleb Reynolds
65%
C Cedric Hodges
65%
C Corey Brooks
65%
C Cory Kennedy
65%
C Cory Wurtenberger
65%
D Dallas Cormier
65%
D Dana Varela
65%
D Daniele Briones
65%
D Diane Henry
65%
D Donny Thompson
65%
E Elena Davies
65%
E Elissa Slater
65%
G Gary Levy
65%
G George Boswell
65%
G Godfrey Mangwiza
65%
H Haleigh Broucher
65%
H Howard Overby
65%
I Ika Wong
65%
I Isabella Wang
65%
I Izzy Gleicher
65%
J Jared Fields
65%
J Jared Kesler
65%
J Jee Choe
65%
J Jen DiTurno
65%
J Jen Johnson
65%
J Jenn Arroyo
65%
J Jennifer Vasquez
65%
J Jodi Rollins
65%
J Jon Pardy
65%
J Joseph Abdin
65%
J Joseph Rodriguez
65%
J Judd Daugherty
65%
K Kail Harbick
65%
K Kaitlyn Herman
65%
K Karen Fowler
65%
K Karen Ganci
65%
K Karen Singbeil
65%
K Krista Stegall
65%
K Kyle Capener
65%
K Kyle Moore
65%
K Kyle Rozendal
65%
K Kyle Shore
65%
L Libra Thompson
65%
L Lydia Tavera
65%
M McCrae Olson
65%
M Mecole Hayes
65%
M Megan Lowder
65%
M Michele Noonan
65%
M Mitchell 'Mitch' Moffit
65%
M Monet Stunson
65%
M Monte Massongill
65%
M Monte Taylor
65%
N Neda Kalantar
65%
P Porsche Briggs
65%
R Ragan Fox
65%
R Raven Walton
65%
R Reilly Smedley
65%
R Renny Martyn
65%
R Robert Roman
65%
R Russell Kairouz
65%
S Sabrina Abbate
65%
S Scottie Salton
65%
S Shane Chapman
65%
S Shane Meaney
65%
T T'kor Clottey
65%
W Winston Hines
65%
A Alec Beall
59%
A Allison Nichols
59%
A Allison White
59%
A Analyse Talavera
59%
A Aneal Ramkissoon
59%
A Arlie Shaban
59%
A Autumn Daly
59%
B Beth Bieda
59%
B Bronte D'Acquisto
59%
B Brooke Warnock
59%
C Carol Journey
59%
C Carol Rosher
59%
C Chelsea Bird
59%
C Chelsia Hart
59%
C Chiara 'Kiki' Berti
59%
C Christian Birkenberger
59%
C Clay Honeycutt
59%
D Dane Rupert
59%
D Demetres Giannitsos
59%
E Emily Hawkin
59%
F Frenchie French
59%
H Heather Decksheimer
59%
H Hisam Goueli
59%
J Jameka Cameron
59%
J Jasmine Davis
59%
J Jeremy McGuire
59%
J Jocasta Odom
59%
J Joel Lefevre
59%
J Julie Vu
59%
J Justin Duncan
59%
J Justin Giovinco
59%
J Justin Sebik
59%
K Kaitlin Barnaby
59%
K Kathryn Dunn
59%
K Kelsey Faith
59%
K Kenney Kelley
59%
K Kenny Brain
59%
K Kyland Young
59%
L Lawon Exum
59%
L Loveita Adams
59%
L Luke Valentine
59%
M Maddy Pavle
59%
M Maddy Poplett
59%
M Makensy Manbeck
59%
M Marty Frenette
59%
M Matthew Turner
59%
M Matthew Wong
59%
M Monica Bailey
59%
N Nakomis Dedmon
59%
N Neil Garcia
59%
N Nikki Grahame
59%
O Olivia Riemer
59%
O Ovi Kabir
59%
P Parker Somerville
59%
P Peter Brown
59%
R Ramses Soto
59%
R Rockstar Lantry
59%
R Ronnie Talbott
59%
S Shannon Dragoo
59%
S Sharry Ash
59%
S Shelli Poole
59%
S Sheryl Braxton
59%
S Sindy Nguyen
59%
S Steven Daigle
59%
T Topaz Brady
59%
Z Zakiyah Everette
59%
A Adel Elseri
53%
A AJ Burman
53%
A Anick Gervais
53%
A Ashleigh Wood
53%
B Braden Bacha
53%
B Britini D'Angelo
53%
C Casey Turner
53%
C Curtis Kin
53%
D Dominic Briones
53%
D Dustin Erikstrup
53%
E Emmett Blois
53%
E Erica Hill
53%
E Estefania Hoyos
53%
G Glenn Garcia
53%
G Graig Merritt
53%
I Indy Santos
53%
J Jacob Heald
53%
J Jamar Lee
53%
J Jesse Larson
53%
J Johnny Colatruglio
53%
J Johnny Mulder
53%
J JoJo Spatafora
53%
J Joshuah Welch
53%
J Jozea Flores
53%
K Kaela Grant
53%
K Kara Monaco
53%
K Kathy Hillis
53%
K Keith Henderson
53%
K Kemi Fakunle
53%
K Kent Blackwelder
53%
L Lori Olson
53%
L Lori Valenti
53%
M Madeline Di Nunzio
53%
M Maki Moto
53%
M Marvin Latimer
53%
M Minh-Ly Nguyen-Cao
53%
M Morgan Willett
53%
N Nathan Marlow
53%
P Paige Distranski
53%
P Paras Atashnak
53%
P Pooch Pucciarelli
53%
R Rachelle Diamond
53%
R Ramsey Aburaneh
53%
R Raul Manriquez
53%
R Risha Denner
53%
R Roddy Mancuso
53%
S Sharon Obermueller
53%
S Sheldon Jean
53%
S Suzette Amaya
53%
T Tonya Paoni
53%
T Travis Long
53%
W Willie Hantz
53%
B Bobby Hlad
47%
B Breydon White
47%
B Brittnee Blair
47%
C Chelsie Baham
47%
C Cornbread Ligon
47%
D Damien Ketlo
47%
D Dillon Carman
47%
D Dominique Cooper
47%
G Gino Giannopoulos
47%
H Hamza Hatoum
47%
J Joey Van Pelt
47%
K Kayla Clennon
47%
K Kuzie Mujakachi
47%
K Kyra Shenker
47%
L Laura Crosby
47%
L Laura Roberts
47%
L Lexus Jackson
47%
L Liza Stinton
47%
R Rozina Yaqub
47%
T Talla Rejaei
47%
T Terrance Higgins
47%
T Tychon Carter-Newman
47%
V Veronica Doherty
47%
W Whitney Hogg
47%
W Whitney Williams
47%
W Willow MacDonald
47%
A Anika Mysha
41%
A Avery Martin
41%
C Claudia Campbell
41%
D Dinis Freitas
41%
E Elijah Kazlauskas
41%
H Haleena Gill
41%
J Jacey-Lynne Graham
41%
J Jay Northcott
41%
J Jonathan Leonard
41%
K Kailyn Archer
41%
K Kiefer Collison
41%
K Kiera Wallace
41%
K Kirsten Elwin
41%
M Merron Haile
41%
M Moose Bendago
41%
N Naeha Sareen
41%
P Pilar Nemer
41%
R Rianne Swanson
41%
S Shelby Stockton
41%
T Tera Gillen-Petrozzi
41%
T Tina Thistle
41%
T Tola Eam
41%
T Tynesha White
41%
A Amal Bashir
35%
B Betty Yirsaw
35%
D Donna Marshall
35%
H Hermon Nizghi
35%
H Hira Deol
35%
J Jedson Tavernier
35%
L Latoya Anderson
35%
M Melina Mansing
35%
N Neeley Jackson
35%
R Roberto Lopez
35%
R Rohan Kapoor
35%
S Summer Sayles
35%
S Susanne Fuda
35%
T Todd Clements
35%
V Vivek Sabbarwal
35%
J Janine Holmes
29%
K Kryssie Ridolfi
29%
S Santina Carlson
29%
S Shanaya Carter
29%
S Stephanie Paterson
29%
H Hope Agbolosoo
24%
R Renee Mior
24%
No matching quizzes found
Score Distribution
Percent of People with Each Score
Percentile by Number Answered
Your Score History
You have not taken this quiz since the last reset